000 02700nam a2200277Ia 4500
003 Ost
005 20260416102354.0
008 260416s9999||||xx |||||||||||||| ||und||
040 _cfsecg
041 _aara
082 _a332
100 _aرفاع، توفيق
_eمؤلف
245 0 _aمحاضرات في النظرية المالية /
_c توفيق رفاع
260 _aالجزائر
_bجامعة الجزائر3: كلية العلوم الإقتصادية، العلوم التجارية وعلوم التسيير
_c2019
300 _a147 ورقة
_bايضاحات
_c30 سم
504 _aمراجع ص.144
520 _aمفاهيم عامة والمقاربة التقليدية لنظرية المالية (النظرية الداعمة لأمثلية التمويل، أمثلية الاستدانة)، النظرية نيو كلاسيكية، نظرية موديلياني و ميلرF.Modigliani et M.Miller ، نظرية الوكالة و ادراج عامل عدم التناسق أو التماثل في المعلومات، نظرية الاشارة و ادراج عامل عدم التناسق أو التماثل في المعلومات، نظرية التوازن (ازالة فرضية عدم وجود الافلاس و الوكالة)، التعمق في تحليل نظرية التوازن (التحكيم) و استهداف مستوى معين للاستدانة (التحكيم السكوني و الديناميكي)، نظرية التمويل الهرمي (نظرية التسلسل السلمي للتمويل أو نظرية ترتيب أفضلية مصادر التمويل)، التحكيم بين نظرية التوازن و نظرية التمويل الهرمي في تحديد قرار التمويل للمؤسسات، بعض النظريات أو دراسات إضافية متعلقة بتحديد القرار التمويلي للمؤسسة، نظرية المالية و سياسة توزيع الارباح، نظرية المالية و سياسة توزيع الارباح، نظرية الكفاءة المعلوماتية في الاسواق المالية، نظرية نموذج تسعير الأصول المالية، نظرية أو نموذج تقييم الاصول المالية بالتحكيم، نظريات الفشل المالي.
653 _aالارباح
653 _aالاسواق المالية
653 _aالافلاس
653 _aالتمويل
653 _aالتوازن الاقتصادي
653 _aالمالية
710 _aجامعة الجزائر3: كلية العلوم الإقتصادية، العلوم التجارية وعلوم التسيير
_eناشر علمي
942 _cHANDOUT
999 _c41111
_d41111